<?xml version="1.0" encoding="UTF-8"?><collection xmlns="info:lc/xmlns/marcxchange-v2"><record format="Unimarc" type="bibliographic"><leader>00693cam 022002291 04500</leader><controlfield tag="001">1996109</controlfield><controlfield tag="003">http://id.bnportugal.gov.pt/bib/porbase/1996109</controlfield><controlfield tag="005">20031110114700.0</controlfield><datafield ind1=" " ind2=" " tag="010"><subfield code="a">0-12-120450-2</subfield></datafield><datafield ind1=" " ind2=" " tag="035"><subfield code="1">95538</subfield></datafield><datafield ind1=" " ind2=" " tag="095"><subfield code="a">PTBN00202891</subfield></datafield><datafield ind1=" " ind2=" " tag="100"><subfield code="a">19880914d1979    km y0pora010305  ba</subfield></datafield><datafield ind1="0" ind2=" " tag="101"><subfield code="a">eng</subfield></datafield><datafield ind1=" " ind2=" " tag="102"><subfield code="a">GB</subfield></datafield><datafield ind1="1" ind2=" " tag="200"><subfield code="a">Environmental chemistry of the elements</subfield></datafield><datafield ind1=" " ind2=" " tag="210"><subfield code="a">London [etc.]</subfield><subfield code="c">Academic</subfield><subfield code="d">1979</subfield></datafield><datafield ind1=" " ind2=" " tag="215"><subfield code="a">XVI, 334 p.</subfield></datafield><datafield ind1=" " ind2=" " tag="675"><subfield code="a">54</subfield><subfield code="v">BN</subfield><subfield code="z">por</subfield><subfield code="3">288199</subfield></datafield><datafield ind1=" " ind2="1" tag="700"><subfield code="a">Bowen</subfield><subfield code="b">H. J. M.</subfield><subfield code="3">393376</subfield></datafield><datafield ind1=" " ind2="0" tag="801"><subfield code="a">PT</subfield><subfield code="b">BN</subfield><subfield code="g">RPC</subfield></datafield><datafield ind1=" " ind2=" " tag="977"><subfield code="1">QM-11-56</subfield><subfield code="2">coop</subfield><subfield code="4">UAVSD</subfield><subfield code="6">mq310366</subfield><subfield code="7">bc</subfield><subfield code="8">coop</subfield><subfield code="9">UAVSD</subfield><subfield code="b">INIC</subfield><subfield code="k">0</subfield></datafield><datafield ind1=" " ind2=" " tag="977"><subfield code="1">577.44 BOW E</subfield><subfield code="2">coop</subfield><subfield code="4">UEBIB</subfield><subfield code="6">mq2871961</subfield><subfield code="7">bc</subfield><subfield code="8">coop</subfield><subfield code="9">UEBIB</subfield><subfield code="k">0</subfield></datafield><datafield ind1=" " ind2=" " tag="977"><subfield code="1">QD31.2</subfield><subfield code="2">coop</subfield><subfield code="4">UPDQ</subfield><subfield code="6">mq310365</subfield><subfield code="7">bc</subfield><subfield code="8">coop</subfield><subfield code="9">UPDQ</subfield><subfield code="b">745</subfield><subfield code="k">0</subfield></datafield><datafield ind1=" " ind2=" " tag="998"><subfield code="a">UPDQ1 - 00314</subfield></datafield></record></collection>